Mindfulness : el equilibro mente, cuerpo, psique de las y los niños en la escuela /
保存先:
| その他の著者: | , , , , |
|---|---|
| フォーマット: | eBook |
| 言語: | スペイン語 |
| 出版事項: |
México :
CEICI Editores,
2023.
|
| 主題: | |
| オンライン・アクセス: | https://elibro.unach.elogim.com/es/lc/unach/titulos/281085 |
| タグ: |
タグ追加
タグなし, このレコードへの初めてのタグを付けませんか!
|
MARC
| LEADER | 00000nam a2200000 i 4500 | ||
|---|---|---|---|
| 001 | ELB281085 | ||
| 003 | FINmELB | ||
| 005 | 20250421132030.5 | ||
| 006 | m o d | | ||
| 007 | cr cnu|||||||| | ||
| 008 | 250325s2023 mx ob 001 0 spa d | ||
| 020 | |a 9786079301439 |q (e-book) | ||
| 035 | |a (OCoLC)1516263322 | ||
| 040 | |a FINmELB |b spa |e rda |c FINmELB | ||
| 050 | 4 | |a LB1027 |b M663 2023 | |
| 080 | |a 37.013 | ||
| 082 | 0 | 4 | |a 371.3 |2 23 |
| 245 | 0 | 0 | |a Mindfulness : |b el equilibro mente, cuerpo, psique de las y los niños en la escuela / |c Helga Patricia Frola Ruiz, Lorena Ladrón de Guevara, Andrés Albarrán (coordinadores) ; Alicia Antonio Véjar, Oscar Martínez Jiménez, Raúl Nicolás García, Lilia Jiménez García, Elizabeth Mota Morales, Maura Yáñez Sánchez, Guillermo Yanowsky Reyes, Paulina Castillo Linares, Roberto Carlos Espinosa Osorio, Miguelina Pérez Delgadillo, Fabiola Aline Morales Guzmán. |
| 264 | 1 | |a México : |b CEICI Editores, |c 2023. | |
| 300 | |a 1 recurso en línea (88 páginas) | ||
| 336 | |a texto |b txt |2 rdacontent/spa | ||
| 337 | |a computadora |b c |2 rdamedia/spa | ||
| 338 | |a recurso en línea |b cr |2 rdacarrier/spa | ||
| 500 | |a Incluye anexos. | ||
| 500 | |a Incluye índice. | ||
| 504 | |a Incluye referencias bibliográficas. | ||
| 588 | |a Descripción basada en metadatos suministrados por el editor y otras fuentes. | ||
| 590 | |a Recurso electrónico. Santa Fe, Arg.: elibro, 2025. Disponible vía World Wide Web. El acceso puede estar limitado para las bibliotecas afiliadas a elibro. | ||
| 650 | 4 | |a Educación |x Metodología. | |
| 655 | 4 | |a Libros electrónicos. | |
| 700 | 1 | |a Frola Ruiz, Helga Patricia, |e coordinadora. | |
| 700 | 1 | |a Ladrón de Guevara, Lorena, |e coordinadora. | |
| 700 | 1 | |a Albarrán, Andrés, |e coordinador. | |
| 700 | 1 | |a Véjar, Alicia Antonio, |e autora. | |
| 700 | 1 | |a Martínez Jiménez, Oscar, |e autor. | |
| 797 | 2 | |a elibro, Corp. | |
| 856 | 4 | 0 | |u https://elibro.unach.elogim.com/es/lc/unach/titulos/281085 |